MARC
| LEADER | 00000nam a2200000Ia 4500 | ||
|---|---|---|---|
| 005 | 20260427112727.0 | ||
| 526 | |b Data Science | ||
| 100 | |a William Hamilton | ||
| 020 | |a 9783031004605 | ||
| 650 | |a ML | ||
| 526 | |a Bachelors | ||
| 942 | |c BK | ||
| 245 | |a Graph Representation Learning | ||
| 260 | |b Springer | ||
| 999 | |c 120 |d 120 | ||
| 952 | |0 0 |1 0 |4 0 |7 0 |8 2 |a BRISTOL |b BRISTOL |d 2026-04-22 |l 0 |p 000075 |r 2026-04-27 11:27:27 |w 2026-04-27 |y BK | ||